00663nam a22002177a 4500003000500000005001700005008004100022010001100063011001100074020001800085035001100103040000900114082001300123100003200136245006400168260006100232300001100293490005800304650002500362830005800387CHAP20220329143852.0120404s2011 mx r 00010 spa d a103009 a103981 a9786074950984 a114670 cCHAP04a864bG581 aGonzález Torres, Armando.10aDel sexo de los filósofosc/por Armando González Torres aToluca, Méx. :bGobierno del Estado de México,c2011 a264 p. 0aBiblioteca Mexiquense del Bicentenario.pLetrasvn.3504aLiteratura mexicana. 0aBiblioteca Mexiquense del Bicentenario.pLetrasvn.35